Statistics for Vocabulary Words with Three P's

Click here to take the quiz!

General Stats

  • This quiz has been taken 86 times
  • The average score is 9 of 20

Answer Stats

HintAnswer% Correct
young dogpuppy
89%
common pizza toppingpepperoni
84%
African animal whose name means river horsehippopotamus
81%
suitable, or proper, in the circumstancesappropriate
70%
period of learning a trade from an employer, often for low wagesapprenticeship
64%
nation of 7000 islandsPhilippines
64%
major Afghan croppoppy
57%
common herbal tea flavorpeppermint
54%
steal, by misuing funds in your caremisappropriate
49%
a grinder turns these into pepperpeppercorns
47%
Shari Lewis's Lamb Chop was onepuppet
44%
world's leading grower of this fruit with yellow flesh is Costa Ricapineapple
40%
sat or laid down gently, but clumsilyplopped
39%
people who speak on behalf of a groupspokespeople
24%
to approve a loan based on income, to enable an unconditional offer to
buy property
preapprove
23%
take for granted in advance;
suppose beforehand
presuppose
23%
type of plastic used for raincostspolypropylene
10%
inexperienced, young, but cheeky and overconfident personwhippersnapper
7%
cheerfully casual, in an irresponsible wayslaphappy
1%
"super" fertiliser, made from ground rocksuperphosphate
1%

Score Distribution

Percentile by Number Answered

Percent of People with Each Score

Your Score History

You have not taken this quiz